| 000 | 02002nam0a2200337 4500 | ||
|---|---|---|---|
| 001 | RU\NLR\BIBL_A\012007137 | ||
| 005 | 20190927165913.0 | ||
| 010 |
_a978-5-8088-1329-8 _950 |
||
| 021 |
_aRU _bКН-П-19-026363 _9КН-П-19-1992 |
||
| 035 | _a(NLR Aleph) 012007137 | ||
| 035 | _a(RuMoRGB)009945739 | ||
| 090 |
_a11433395 _c11433395 |
||
| 100 | _a20190508d2018 u y0rusy50 ca | ||
| 101 | 0 | _arus | |
| 102 | _aRU | ||
| 105 | _aa zzzz||||1yy | ||
| 200 | 1 |
_aМетоды моделирования и оптимизации _eучебное пособие _fТ. М. Татарникова _gМинистерство образования и науки Российской Федерации, Федеральное государственное автономное образовательное учреждение высшего образования Санкт-Петербургский государственный университет аэрокосмического приборостроения |
|
| 210 |
_aСанкт-Петербург _cГУАП _d2018 |
||
| 215 |
_a108 с. _cил., табл. _d21 |
||
| 320 | _aБиблиогр.: с. 107 (9 назв.) | ||
| 606 | 1 |
_aМатематическое моделирование _jУчебные издания для высших учебных заведений _9907670 _3RU\NLR\AUTH\6611207 |
|
| 606 | 1 |
_aМатематическое программирование _jУчебные издания для высших учебных заведений _92088992 _3RU\NLR\AUTH\661264592 |
|
| 606 | 1 |
_aОптимизация _jУчебные издания для высших учебных заведений _91335469 _3RU\NLR\AUTH\66556001 |
|
| 686 | 1 | _aВ173я73-1 | |
| 686 | 1 | _aВ175.1я73-1 | |
| 700 | 1 |
_aТатарникова _bТ. М. _gТатьяна Михайловна |
|
| 942 | _cBOOK | ||
| 980 | _aNBR | ||
| 980 | _aNB | ||